Giai thoại văn học Việt Nam
Kaydedildi:
| Yazar: | |
|---|---|
| Materyal Türü: | Kitap |
| Dil: | Undetermined |
| Baskı/Yayın Bilgisi: |
Hà Nội
Khoa học - Xã hội
2014
|
| Konular: | |
| Etiketler: |
Etiketle
Etiket eklenmemiş, İlk siz ekleyin!
|
| Thư viện lưu trữ: | Trung tâm Học liệu Trường Đại học Cần Thơ |
|---|
| LEADER | 00674nam a2200193Ia 4500 | ||
|---|---|---|---|
| 001 | CTU_209718 | ||
| 008 | 210402s9999 xx 000 0 und d | ||
| 082 | |a 895.92209 | ||
| 082 | |b H403/Q.2 | ||
| 100 | |a Kiều, Thu Hoạch | ||
| 245 | 0 | |a Giai thoại văn học Việt Nam | |
| 245 | 0 | |c Kiều Thu Hoạch (Chủ biên và biên soạn) | |
| 260 | |a Hà Nội | ||
| 260 | |b Khoa học - Xã hội | ||
| 260 | |c 2014 | ||
| 650 | |a Văn học Việt Nam,Vietnamese literature | ||
| 650 | |x Lịch sử và phê bình,History and criticism | ||
| 904 | |i Huỳnh Thị Ngọc Ngân,Hải | ||
| 980 | |a Trung tâm Học liệu Trường Đại học Cần Thơ | ||